The collected works of Ruqaiya Hasan / (Record no. 122916)
[ view plain ]
| 000 -LEADER | |
|---|---|
| fixed length control field | 01789cam a22004574a 4500 |
| 001 - CONTROL NUMBER | |
| control field | 13740421 |
| 003 - CONTROL NUMBER IDENTIFIER | |
| control field | ARRUPE |
| 005 - DATE AND TIME OF LATEST TRANSACTION | |
| control field | 20150715135346.0 |
| 008 - FIXED-LENGTH DATA ELEMENTS--GENERAL INFORMATION | |
| fixed length control field | 041005m20059999enk b 001 0 eng |
| 010 ## - LIBRARY OF CONGRESS CONTROL NUMBER | |
| LC control number | 2004022853 |
| 015 ## - NATIONAL BIBLIOGRAPHY NUMBER | |
| National bibliography number | GBA521875 |
| Source | bnb |
| 016 7# - NATIONAL BIBLIOGRAPHIC AGENCY CONTROL NUMBER | |
| Record control number | 013131061 |
| Source | Uk |
| 020 ## - INTERNATIONAL STANDARD BOOK NUMBER | |
| International Standard Book Number | 1904768334 |
| 020 ## - INTERNATIONAL STANDARD BOOK NUMBER | |
| International Standard Book Number | 9781904768333 |
| 020 ## - INTERNATIONAL STANDARD BOOK NUMBER | |
| International Standard Book Number | 1904768342 (pbk.) |
| 020 ## - INTERNATIONAL STANDARD BOOK NUMBER | |
| International Standard Book Number | 9781904768340 (pbk.) |
| 020 ## - INTERNATIONAL STANDARD BOOK NUMBER | |
| International Standard Book Number | 9781904768357 (v. 2 : hbk.) |
| 020 ## - INTERNATIONAL STANDARD BOOK NUMBER | |
| International Standard Book Number | 1904768350 (v. 2 : hbk.) |
| 020 ## - INTERNATIONAL STANDARD BOOK NUMBER | |
| International Standard Book Number | 9781904768364 (v. 2 : pbk.) |
| 020 ## - INTERNATIONAL STANDARD BOOK NUMBER | |
| International Standard Book Number | 1904768369 (v. 2 : pbk.) |
| 035 ## - SYSTEM CONTROL NUMBER | |
| System control number | (OCoLC)ocm56752966 |
| 040 ## - CATALOGING SOURCE | |
| Original cataloging agency | DLC |
| Transcribing agency | DLC |
| Modifying agency | UKM |
| -- | C#P |
| -- | BAKER |
| -- | COO |
| -- | PUL |
| -- | YUS |
| -- | YDXCP |
| -- | BTCTA |
| -- | CUD |
| -- | NLGGC |
| -- | CLU |
| -- | DLC |
| 042 ## - AUTHENTICATION CODE | |
| Authentication code | pcc |
| 050 00 - LIBRARY OF CONGRESS CALL NUMBER | |
| Classification number | P40 |
| Item number | .H348 2005 |
| 082 00 - DEWEY DECIMAL CLASSIFICATION NUMBER | |
| Classification number | 306.44 |
| Edition number | 22 |
| 084 ## - OTHER CLASSIFICATION NUMBER | |
| Classification number | 17.20 |
| Source of number | bcl |
| 300 ## - PHYSICAL DESCRIPTION | |
| Dimensions | 24 cm. + |
| 100 1# - MAIN ENTRY--PERSONAL NAME | |
| Personal name | Hasan, Ruqaiya. |
| 9 (RLIN) | 18105 |
| 245 14 - TITLE STATEMENT | |
| Title | The collected works of Ruqaiya Hasan / |
| Statement of responsibility, etc | Ruqaiya Hasan ; edited by Jonathan J. Webster. |
| 260 ## - PUBLICATION, DISTRIBUTION, ETC. (IMPRINT) | |
| Place of publication, distribution, etc | London ; |
| -- | Oakville, CT : |
| Name of publisher, distributor, etc | Equinox Pub., |
| Date of publication, distribution, etc | 2005-<2009 > |
| 300 ## - PHYSICAL DESCRIPTION | |
| Extent | 342p.; |
| Accompanying material | 1 CD-ROM (4 3/4 in) |
| 504 ## - BIBLIOGRAPHY, ETC. NOTE | |
| Bibliography, etc | Includes bibliographical references and index. |
| 505 0# - FORMATTED CONTENTS NOTE | |
| Formatted contents note | v. 1. Language, society, and consciousness -- v.2. Meaning in society and in sociolinguistics |
| 650 #0 - SUBJECT ADDED ENTRY--TOPICAL TERM | |
| Topical term or geographic name as entry element | Sociolinguistics. |
| 9 (RLIN) | 1467 |
| 650 #0 - SUBJECT ADDED ENTRY--TOPICAL TERM | |
| Topical term or geographic name as entry element | Semiotics. |
| 9 (RLIN) | 13027 |
| 650 #0 - SUBJECT ADDED ENTRY--TOPICAL TERM | |
| Topical term or geographic name as entry element | Philosophy of mind. |
| 9 (RLIN) | 18106 |
| 700 1# - ADDED ENTRY--PERSONAL NAME | |
| Personal name | Webster, Jonathan, |
| Dates associated with a name | 1955- |
| 9 (RLIN) | 17810 |
| 856 41 - ELECTRONIC LOCATION AND ACCESS | |
| Materials specified | Table of contents |
| Uniform Resource Identifier | <a href="http://www.loc.gov/catdir/toc/ecip051/2004022853.html">http://www.loc.gov/catdir/toc/ecip051/2004022853.html</a> |
| 906 ## - LOCAL DATA ELEMENT F, LDF (RLIN) | |
| a | 7 |
| b | cbc |
| c | orignew |
| d | 1 |
| e | ecip |
| f | 20 |
| g | y-gencatlg |
| 942 ## - ADDED ENTRY ELEMENTS (KOHA) | |
| Source of classification or shelving scheme | Library of Congress Classification |
| Koha item type | Monograph ( Printed materials) |
| Withdrawn status | Lost status | Source of classification or shelving scheme | Damaged status | Not for loan | Collection code | Home library | Current library | Shelving location | Date acquired | Total Checkouts | Full call number | Barcode | Date last seen | Price effective from | Koha item type |
|---|---|---|---|---|---|---|---|---|---|---|---|---|---|---|---|
| Library of Congress Classification | Main Collection | ARRUPE LIBRARY | ARRUPE LIBRARY | Main Collection | 15/07/2015 | P40.H348 2005 | 46500004574 | 26/02/2019 | 15/07/2015 | Monograph ( Printed materials) |